[Event "XXI C.to Italiano U20"]
[Site "Porto San Giorgio ITA"]
[Date "2013.08.27"]
[Round "7"]
[White "Franciosi, Fausto"]
[Black "Lodici, Lorenzo"]
[WhiteElo "2084"]
[BlackElo "2088"]
[Result "1/2-1/2"]
[PlyCount "71"]
[EventDate "2013.08.21"]

1. d4 d5 2. Nf3 Nf6 3. c4 dxc4 4. e3 Bg4 5. Bxc4 e6 6. O-O a6 7. a4 Nc6 8. Nc3
Bd6 9. Be2 O-O 10. Qb3 Rb8 11. Rd1 Qe7 12. h3 Bh5 13. d5 exd5 14. Nxd5 Nxd5 15.
Qxd5 Bg6 16. Bd2 Nb4 17. Bxb4 Bxb4 18. Ne5 Rfd8 19. Nxg6 hxg6 20. Qb3 Bd6 21.
Bf3 c6 22. g3 Qc7 23. Kg2 Be5 24. h4 c5 25. Bd5 b5 26. axb5 axb5 27. Ra6 c4 28.
Qa2 Rd7 29. e4 Kf8 30. Qb1 Rd6 31. Rxd6 Bxd6 32. f4 b4 33. e5 Be7 34. h5 c3 35.
Qc2 b3 36. Qxc3 1/2-1/2

[Event "XXI C.to Italiano U20"]
[Site "Porto San Giorgio ITA"]
[Date "2013.08.27"]
[Round "7"]
[White "Varvaglione, Antonio"]
[Black "Miracola, Massimiliano"]
[WhiteElo "2048"]
[BlackElo "2149"]
[Result "0-1"]
[PlyCount "100"]
[EventDate "2013.08.21"]

1. e4 d6 2. d4 Nf6 3. Nc3 e5 4. Nf3 Nbd7 5. Bc4 Be7 6. O-O O-O 7. Re1 c6 8. a4
b6 9. Ba2 Bb7 10. d5 cxd5 11. Nxd5 Nxd5 12. Bxd5 Bxd5 13. Qxd5 Qc7 14. c3 Nf6
15. Qb3 Rad8 16. Bg5 h6 17. Bxf6 Bxf6 18. Nd2 Qc5 19. Qb5 d5 20. Qxc5 bxc5 21.
exd5 Rxd5 22. Nc4 Rfd8 23. f3 g6 24. Kf1 Bg7 25. Ke2 f5 26. Rad1 Kf7 27. Rxd5
Rxd5 28. Rd1 Rxd1 29. Kxd1 Ke6 30. Ke2 h5 31. Kd3 Bh6 32. b4 Kd5 33. Na3 cxb4
34. cxb4 Bf8 35. Nc2 e4+ 36. fxe4+ fxe4+ 37. Kc3 Bg7+ 38. Kb3 Bd4 39. b5 Bg1
40. h3 Kc5 41. Kc3 Bf2 42. Kd2 Kc4 43. g4 hxg4 44. hxg4 Bc5 45. Ne3+ Bxe3+ 46.
Kxe3 Kb4 47. Kxe4 Kxa4 48. Kf4 Kxb5 49. Kg5 a5 50. Kxg6 a4 0-1

[Event "XXI C.to Italiano U20"]
[Site "Porto San Giorgio ITA"]
[Date "2013.08.27"]
[Round "7"]
[White "Villa, Giorgio"]
[Black "Sagripanti, Michele"]
[WhiteElo "1986"]
[BlackElo "2060"]
[Result "1/2-1/2"]
[PlyCount "70"]
[EventDate "2013.08.21"]

1. d4 Nf6 2. Nf3 e6 3. c4 Bb4+ 4. Nbd2 b6 5. a3 Bxd2+ 6. Bxd2 Ne4 7. g3 Bb7 8.
Bg2 Nxd2 9. Qxd2 d6 10. O-O Nd7 11. Rac1 O-O 12. Rfd1 Qe7 13. b4 Rad8 14. Qc2
Nf6 15. c5 dxc5 16. bxc5 Bxf3 17. Bxf3 e5 18. cxb6 cxb6 19. dxe5 Rxd1+ 20. Qxd1
Qxe5 21. Qa4 Qb8 22. Qf4 Qxf4 23. gxf4 Rb8 24. Rc7 a5 25. a4 g6 26. Bc6 Ne8 27.
Rd7 Nf6 28. Rd6 Kg7 29. Kg2 Ng8 30. Rd7 Nf6 31. Rd6 Ng8 32. e4 Ne7 33. Bb5 Kf8
34. Kf3 Rb7 35. Ke3 Kg7 1/2-1/2

[Event "XXI C.to Italiano U20"]
[Site "Porto San Giorgio ITA"]
[Date "2013.08.28"]
[Round "8"]
[White "Basso, Pier Luigi"]
[Black "Altini, Nicola"]
[WhiteElo "2208"]
[BlackElo "2347"]
[Result "1/2-1/2"]
[PlyCount "51"]
[EventDate "2013.08.21"]

1. d4 d5 2. c4 e6 3. cxd5 exd5 4. Nc3 c6 5. Nf3 Bf5 6. Bg5 Be7 7. Bxe7 Qxe7 8.
e3 Nf6 9. Bd3 Bxd3 10. Qxd3 Nbd7 11. O-O O-O 12. b4 b5 13. a4 a6 14. Rfb1 Ne4
15. Nd2 f5 16. axb5 axb5 17. Rxa8 Rxa8 18. Ncxe4 fxe4 19. Qc3 Qd6 20. Rc1 Nb6
21. f3 exf3 22. Qxc6 Qxc6 23. Rxc6 Ra1+ 24. Kf2 fxg2 25. Kxg2 Nd7 26. Nf3
1/2-1/2

[Event "XXI C.to Italiano U20"]
[Site "Porto San Giorgio ITA"]
[Date "2013.08.28"]
[Round "8"]
[White "Codenotti, Marco"]
[Black "Dappiano, Andrea"]
[WhiteElo "2370"]
[BlackElo "2149"]
[Result "1-0"]
[PlyCount "45"]
[EventDate "2013.08.21"]

1. e4 e6 2. d4 d5 3. Nd2 Nc6 4. Ngf3 Nf6 5. e5 Nd7 6. Bd3 f6 7. Ng5 Ndxe5 8.
dxe5 fxg5 9. Qh5+ Kd7 10. Nf3 Be7 11. O-O Nb4 12. Bxg5 Nxd3 13. cxd3 b6 14.
Rfc1 c5 15. b4 h6 16. Bxe7 Qxe7 17. bxc5 bxc5 18. Qg4 d4 19. Rxc5 Qxc5 20.
Qxg7+ Qe7 21. Qxh8 Bb7 22. Qxh6 Rg8 23. Qf4 1-0

[Event "XXI C.to Italiano U20"]
[Site "Porto San Giorgio ITA"]
[Date "2013.08.28"]
[Round "8"]
[White "Dionigi, Riccardo"]
[Black "Santeramo, Domenico"]
[WhiteElo "1953"]
[BlackElo "2059"]
[Result "0-1"]
[PlyCount "53"]
[EventDate "2013.08.21"]

1. d4 Nf6 2. c4 g6 3. f3 c5 4. d5 d6 5. e4 Bg7 6. Ne2 b5 7. cxb5 a6 8. Nec3 O-O
9. Be3 e6 10. dxe6 Bxe6 11. Be2 axb5 12. Bxb5 Qb6 13. Qd3 Rd8 14. O-O Nc6 15.
Bxc6 Qxc6 16. a4 d5 17. exd5 Nxd5 18. Nxd5 Rxd5 19. Qc2 Bf5 20. Qf2 Re5 21. Kh1
Rae8 22. Ra3 Qe6 23. Bd2 Re2 24. Qxc5 Bxb1 25. Bc3 Bxc3 26. Qxc3 Re1 27. Qc5
0-1

[Event "XXI C.to Italiano U20"]
[Site "Porto San Giorgio ITA"]
[Date "2013.08.28"]
[Round "8"]
[White "Franciosi, Fausto"]
[Black "Boscolo, Federico"]
[WhiteElo "2084"]
[BlackElo "2343"]
[Result "1/2-1/2"]
[PlyCount "80"]
[EventDate "2013.08.21"]

1. d4 Nf6 2. c4 g6 3. Nc3 Bg7 4. e4 d6 5. Nf3 O-O 6. Be2 e5 7. d5 Na6 8. Bg5 h6
9. Bh4 g5 10. Bg3 Nc5 11. Nd2 a5 12. h4 Nh7 13. f3 f5 14. exf5 Bxf5 15. Nde4 b6
16. Bd3 Nxd3+ 17. Qxd3 Qe8 18. Bf2 Qg6 19. h5 Qf7 20. Be3 Nf6 21. Nxf6+ Qxf6
22. Ne4 Qe7 23. Ke2 Rf7 24. g4 Bh7 25. Rhf1 Raf8 26. Rf2 Qd7 27. Rg1 Qa4 28.
Qb3 Qd7 29. Qd3 Qa4 30. Qb3 Qxb3 31. axb3 Bxe4 32. fxe4 Rxf2+ 33. Bxf2 Rf4 34.
Ke3 Kf7 35. Be1 Kf8 36. b4 axb4 37. Bxb4 Bf6 38. Be1 Bd8 39. Bg3 Rf7 40. b4 Ke7
1/2-1/2

[Event "XXI C.to Italiano U20"]
[Site "Porto San Giorgio ITA"]
[Date "2013.08.28"]
[Round "8"]
[White "Gregori, Giacomo"]
[Black "Villa, Giorgio"]
[WhiteElo "2060"]
[BlackElo "1986"]
[Result "1/2-1/2"]
[PlyCount "81"]
[EventDate "2013.08.21"]

1. c4 c6 2. g3 d5 3. Nf3 Nf6 4. Bg2 Bf5 5. cxd5 cxd5 6. Qb3 Qb6 7. Nc3 Qxb3 8.
axb3 Nc6 9. d3 e6 10. O-O Be7 11. Be3 O-O 12. Nd4 Nxd4 13. Bxd4 a6 14. e4 Bg6
15. exd5 exd5 16. Rfe1 Rfe8 17. Bxf6 Bxf6 18. Bxd5 Rxe1+ 19. Rxe1 Bxd3 20. Re3
Bb5 21. Nxb5 axb5 22. Bxb7 Rb8 23. Bc6 Kf8 24. Re2 b4 25. Kg2 g6 26. Bd5 Rd8
27. Bc4 Rd1 28. Rc2 Rb1 29. Bd5 Rxb2 30. Rc8+ Ke7 31. Bc4 Rd2 32. Rb8 Bc3 33.
Rb7+ Rd7 34. Rxd7+ Kxd7 35. Bxf7 Ke7 36. Bc4 Kf6 37. h4 Bd2 38. Bd3 h6 39. Kf3
Bc3 40. Kg4 Be1 41. f4 1/2-1/2

[Event "XXI C.to Italiano U20"]
[Site "Porto San Giorgio ITA"]
[Date "2013.08.28"]
[Round "8"]
[White "Lodici, Lorenzo"]
[Black "Fagnani, Alessandro"]
[WhiteElo "2088"]
[BlackElo "2039"]
[Result "0-1"]
[PlyCount "32"]
[EventDate "2013.08.21"]

1. f4 d5 2. Nf3 c5 3. e3 Nc6 4. Be2 e6 5. O-O Nf6 6. d3 Bd6 7. Qe1 e5 8. h3
exf4 9. exf4 O-O 10. Qh4 d4 11. g4 Nd5 12. g5 Nce7 13. Nh2 Nf5 14. Qf2 Nfe3 15.
Bxe3 Nxe3 16. Rc1 Nd5 0-1

[Event "XXI C.to Italiano U20"]
[Site "Porto San Giorgio ITA"]
[Date "2013.08.28"]
[Round "8"]
[White "Miracola, Massimiliano"]
[Black "De Filomeno, Simone"]
[WhiteElo "2149"]
[BlackElo "2378"]
[Result "0-1"]
[PlyCount "98"]
[EventDate "2013.08.21"]

1. e4 c5 2. Nf3 d6 3. d4 cxd4 4. Nxd4 Nf6 5. Nc3 a6 6. Be2 g6 7. O-O Bg7 8. Re1
O-O 9. Bf1 Nc6 10. Nb3 b5 11. Nd5 e6 12. Nxf6+ Bxf6 13. c3 Bb7 14. Bh6 Re8 15.
Qd2 Ne5 16. Qf4 Bh4 17. Na5 Rb8 18. Nxb7 Rxb7 19. Red1 Rd7 20. Qd2 g5 21. h3
Qf6 22. f4 Nf3+ 23. gxf3 Qxh6 24. a4 Rb8 25. axb5 axb5 26. f5 exf5 27. Qd5 fxe4
28. Ra8 Rxa8 29. Qxa8+ Kg7 30. Qxe4 Qf6 31. Qd4 Bg3 32. Qxf6+ Kxf6 33. Bxb5 Rb7
34. c4 Be5 35. b3 Kf5 36. Kg2 Kf4 37. Ba4 f5 38. Rd5 Ra7 39. Rd1 h5 40. Rf1 Ke3
41. Re1+ Kd2 42. Rf1 Re7 43. Rf2+ Kd3 44. Rf1 Bd4 45. f4 Re2+ 46. Kh1 g4 47.
Bc6 Kc3 48. hxg4 hxg4 49. Bd7 Be3 0-1

[Event "XXI C.to Italiano U20"]
[Site "Porto San Giorgio ITA"]
[Date "2013.08.28"]
[Round "8"]
[White "Varvaglione, Antonio"]
[Black "Sanna, Yuri"]
[WhiteElo "2048"]
[BlackElo "1819"]
[Result "1-0"]
[PlyCount "39"]
[EventDate "2013.08.21"]

1. e4 e5 2. Nf3 Nf6 3. Nxe5 Nxe4 4. Qe2 Qe7 5. Qxe4 d6 6. d4 dxe5 7. Qxe5 Qxe5+
8. dxe5 Nc6 9. Bf4 Bf5 10. c3 O-O-O 11. Bc4 Nxe5 12. Bxe5 Re8 13. f4 f6 14. O-O
fxe5 15. fxe5 Rxe5 16. Rxf5 Bc5+ 17. Kh1 Rd8 18. Na3 Bxa3 19. Rxe5 Bxb2 20.
Rae1 1-0

[Event "XXI C.to Italiano U20"]
[Site "Porto San Giorgio ITA"]
[Date "2013.08.29"]
[Round "9"]
[White "Altini, Nicola"]
[Black "Boscolo, Federico"]
[WhiteElo "2347"]
[BlackElo "2343"]
[Result "1-0"]
[PlyCount "85"]
[EventDate "2013.08.21"]

1. d4 Nf6 2. c4 g6 3. Nc3 Bg7 4. e4 d6 5. Nf3 O-O 6. Be2 e5 7. O-O Nc6 8. d5
Ne7 9. b4 c6 10. Re1 a5 11. bxa5 c5 12. Nd2 Rxa5 13. Nb3 Ra6 14. a4 Ne8 15. g4
f5 16. f3 Kh8 17. Be3 Ng8 18. Qd2 fxg4 19. fxg4 Qh4 20. Rf1 Nef6 21. Bg5 Qh3
22. Rf3 Qxg4+ 23. Rg3 Qd7 24. Rf1 Rxa4 25. Bxf6 Nxf6 26. Nxa4 Nxe4 27. Rxf8+
Bxf8 28. Qa5 Nxg3 29. hxg3 Bh6 30. g4 Be3+ 31. Kg2 Kg7 32. Nb6 Qf7 33. Qe1 Bd7
34. Nxd7 Qxd7 35. Nd2 h5 36. Ne4 hxg4 37. Qh4 Qf5 38. Qxg4 Qf8 39. Qd7+ Kh8 40.
Qh3+ Bh6 41. Nxd6 Kh7 42. Qd7+ Bg7 43. Ne8 1-0

[Event "XXI C.to Italiano U20"]
[Site "Porto San Giorgio ITA"]
[Date "2013.08.29"]
[Round "9"]
[White "Brociner, Beniamino"]
[Black "Gregori, Giacomo"]
[WhiteElo "2032"]
[BlackElo "2060"]
[Result "1-0"]
[PlyCount "65"]
[EventDate "2013.08.21"]

1. e4 c6 2. d4 d5 3. Nc3 dxe4 4. Nxe4 Nd7 5. Nf3 Ngf6 6. Ng3 e6 7. Bd3 c5 8. c3
Be7 9. O-O O-O 10. Re1 Qc7 11. Nf5 Bd8 12. Ne3 b6 13. Nc4 Bb7 14. Nce5 Be7 15.
Qe2 Rad8 16. Ng5 Qd6 17. Bf4 Qd5 18. Nef3 cxd4 19. Bc4 Qc6 20. cxd4 Nd5 21. Qd3
g6 22. Bd2 Bf6 23. Rac1 Qd6 24. Ne4 Qb8 25. Bxd5 Bxd5 26. Nxf6+ Nxf6 27. Bg5
Kg7 28. Ne5 Qd6 29. Qh3 h5 30. Qh4 Ng8 31. Bxd8 Rxd8 32. Qf4 Nh6 33. Qxh6+ 1-0

[Event "XXI C.to Italiano U20"]
[Site "Porto San Giorgio ITA"]
[Date "2013.08.29"]
[Round "9"]
[White "Dappiano, Andrea"]
[Black "Miracola, Massimiliano"]
[WhiteElo "2149"]
[BlackElo "2149"]
[Result "1/2-1/2"]
[PlyCount "57"]
[EventDate "2013.08.21"]

1. c4 g6 2. Nc3 Bg7 3. g3 e5 4. Bg2 d6 5. e4 Nc6 6. Nge2 Nh6 7. O-O O-O 8. d3
f5 9. f4 Be6 10. Nd5 Qd7 11. Rb1 a5 12. a3 Nd4 13. Nxd4 exd4 14. b4 axb4 15.
axb4 Ra2 16. Rb2 Rxb2 17. Bxb2 Ng4 18. h3 Ne3 19. Nxe3 dxe3 20. Bxg7 Qxg7 21.
Qa1 fxe4 22. Qxg7+ Kxg7 23. Bxe4 Re8 24. Bxb7 Bxh3 25. Re1 Bf5 26. Bc6 Re7 27.
Be4 c6 28. Bxf5 gxf5 29. b5 1/2-1/2

[Event "XXI C.to Italiano U20"]
[Site "Porto San Giorgio ITA"]
[Date "2013.08.29"]
[Round "9"]
[White "De Filomeno, Simone"]
[Black "Basso, Pier Luigi"]
[WhiteElo "2378"]
[BlackElo "2208"]
[Result "1/2-1/2"]
[PlyCount "33"]
[EventDate "2013.08.21"]

1. e4 d5 2. exd5 Qxd5 3. Nc3 Qd6 4. d4 Nf6 5. Bd3 Nc6 6. Nge2 e5 7. Nb5 Qe7 8.
O-O a6 9. dxe5 Nxe5 10. Nbd4 g6 11. Re1 Bg7 12. Nc3 O-O 13. Bf4 Nfg4 14. h3 Qc5
15. hxg4 Qxd4 16. Re4 Qc5 17. Be3 1/2-1/2

[Event "XXI C.to Italiano U20"]
[Site "Porto San Giorgio ITA"]
[Date "2013.08.29"]
[Round "9"]
[White "Santeramo, Domenico"]
[Black "Varvaglione, Antonio"]
[WhiteElo "2059"]
[BlackElo "2048"]
[Result "1/2-1/2"]
[PlyCount "57"]
[EventDate "2013.08.21"]

1. e4 d6 2. d4 Nf6 3. Nc3 e5 4. Nf3 Nbd7 5. Bc4 Be7 6. O-O O-O 7. Re1 c6 8. a4
b6 9. h3 a6 10. d5 c5 11. Nh2 Ne8 12. Ne2 Bg5 13. Ng3 g6 14. Bd3 Ng7 15. Nf3
Bxc1 16. Qxc1 f5 17. Qh6 f4 18. Nf1 Nf6 19. N1h2 Ngh5 20. Ng5 Qe7 21. Be2 Kh8
22. Bxh5 gxh5 23. Nhf3 Rg8 24. Nh4 Qg7 25. Qxg7+ Rxg7 26. Ne6 Bxe6 27. dxe6 Re7
28. Nf5 Rxe6 29. c4 1/2-1/2

[Event "XXI C.to Italiano U20"]
[Site "Porto San Giorgio ITA"]
[Date "2013.08.29"]
[Round "9"]
[White "Villa, Giorgio"]
[Black "Franciosi, Fausto"]
[WhiteElo "1986"]
[BlackElo "2084"]
[Result "0-1"]
[PlyCount "70"]
[EventDate "2013.08.21"]

1. d4 Nf6 2. Nf3 g6 3. c4 Bg7 4. g3 O-O 5. Bg2 d6 6. O-O Nc6 7. d5 Na5 8. Nfd2
c5 9. a3 b5 10. cxb5 c4 11. b4 cxb3 12. Nxb3 a6 13. Nxa5 Qxa5 14. bxa6 Qxa6 15.
Ra2 Bf5 16. Nd2 Qa4 17. Qxa4 Rxa4 18. Re1 Rc8 19. e4 Bd7 20. Bf1 e6 21. Bh3
exd5 22. Bxd7 Nxd7 23. exd5 Ne5 24. Nb3 Nf3+ 25. Kf1 Nxe1 26. Kxe1 Rc3 27. Re2
Kf8 28. Re3 Rxe3+ 29. fxe3 Ke7 30. Ke2 Kd7 31. Kd3 f5 32. Nd2 Ra5 33. e4 fxe4+
34. Kxe4 Rc5 35. Nb3 Rc4+ 0-1

[Event "XXI C.to Italiano U20"]
[Site "Porto San Giorgio ITA"]
[Date "2013.08.29"]
[Round "9"]
[White "Viviani, Alessio"]
[Black "Dionigi, Riccardo"]
[WhiteElo "2141"]
[BlackElo "1953"]
[Result "1/2-1/2"]
[PlyCount "55"]
[EventDate "2013.08.21"]

1. d4 d5 2. Nf3 Nf6 3. c3 e6 4. e3 c5 5. Bd3 Nc6 6. Nbd2 Be7 7. Qe2 O-O 8. O-O
b6 9. e4 dxe4 10. Nxe4 Bb7 11. dxc5 bxc5 12. Rd1 Qc7 13. Nxf6+ Bxf6 14. Ng5
Bxg5 15. Bxg5 Ne7 16. Rd2 Ng6 17. Bxg6 hxg6 18. Rad1 c4 19. Rd7 Qc6 20. f3 Qb5
21. Be7 Rfe8 22. Bb4 Bd5 23. Rd6 Red8 24. Rxd8+ Rxd8 25. Rd4 Qb6 26. h4 f6 27.
Kh1 Kf7 28. Qd1 1/2-1/2